000 00953nam a2200217Ia 4500
999 _c53612
_d53612
001 20659
003 GE_BSU
005 20210224190050.0
008 181216s2014||||ge |||||||||||||| ||geo||
040 _cGE_BSU
041 _ageo
080 _a351.78 მ-88
245 _aმოქმედების ტაქტიკა კატასტროფებისა და საგანგებო მგომარეობების დროს.
264 _aთბილისი :
_c2014.
300 _a20 გვ. ;
_c21 სმ.
504 _aბიბლიოგრ. გვ.19
541 _h7ლ.75თ.
653 _aმოქმედების ტაქტიკა კატასტროფებისა და საგანგებო მგომარეობების დროს
653 _aრჩევები პირველი დახმარების შესახებ
942 _cBK
_2udc